000 00395nam a2200145Ia 4500
005 20250326122214.0
008 231217s9999 xx 000 0 und d
020 _a9788178815770
082 _a338.521 SAT;1 R
100 _aSatish, D. ed.
245 0 _aValue at risk : a conceptual framework
260 _c2005
_bICFAI
_aHyderabad
650 _aValue,risk,conceptual,framework
942 _cAA
999 _c187122
_d187122